000 01982nam a2200445 c 4500
003 BLK
005 20240618093718.0
008 180409b bul|||||r ||||||| ||bul||
010 _aKNG00136029000
020 _a978-954-92468-4-1
_bиздат.: Полиграфюг
040 _aBLK
041 _aBUL
_cBUL
072 7 _2bullib
_aН61
_xМедицина Н
080 _aЗлополуки във вода - давене. Първа помощ при удавяне. Спасителни устройства
_b614.81
_x(035)
_z614.81(035)
080 _aВодно спасяване
_b797.214
_x(035)
_z797.214(035)
100 1 _aМихайлов, Жельо Иванов
_eпърви автор
_9274402
700 1 _aБерберов, Райко Николов
_eсъавт.
_9308362
139 _aМихайлов, Жельо Иванов и др.
_bМ 74
245 1 0 _aКак да не стана жертва на водата
_bНаръчник
_cЖельо Иванов Михайлов; съавт. Райко Николов Берберов.
257 _aBGR
260 Хасково
_bПолиграфюг
_c2012
_fХасково : Полиграфюг
300 _a144 с.
_bс ил.
_c23 см
380 _a61
500 _aИзд. на Асоц. Водна безопасност - Бургас. - Съдържа и за авт.
650 4 _aПлуване - безопасност
_9274405
650 4 _aВодно спасяване
_9274404
650 4 _aВодни площи - обезопасяване
_9322130
653 _aплуване
653 _aбезопасност
653 _aнаръчници
653 _aбаротравми
653 _aхипоксия
659 _aН
852 _aЦб 257037
856 4 _qpdf
_u
856 4 _qpdf
_u
942 _cKNG
_n0
_02
944 _aCR
_c09.11.2012
_lИва Цветкова
_k30543
944 _aED
_c11.07.2017
_lф /
_kЛюдмила_Стоянова
999 _c130266
_d130266